000 00310nam a22001337a 4500
008 170927b xxu||||| |||| 00| 0 eng d
020 _a9780395958469
041 _aeng
080 _26TH
_a37
100 _a47
101 _aEDU
245 _aDO NOT REMOVE FROM THE WRITING CENTER
_cFAWCETT,S
942 _2udc
_cBK
999 _c30303
_d30303